00431nam a2200157Ia 45000010006000000050017000060080041000230410008000640820016000721000035000882450097001232600009002203000028002296500008002576540008002652509620260414151127.0260414t2011||||xx |||||||||||||| ||spa|| aESP a346.2bF317 aFarnós Amorós, EsthereAUT 0aConsentimiento a la reproducción asistida :bcrisis de pareja y disposición de embriones c2011 a301 páginas :c24 cm. aDER aCDE